Loading...
| History - World History | 0 | 7 | 1 | 2 | 65 | 16 | 80.29 | 4 | 6 |
| Fine Arts - Other Fine Arts | 0 | 6 | 0 | 0 | 60 | 66 | 80.50 | 6 | 6 |
| Religion | 0 | 5 | 0 | 1 | 50 | 39 | 72.40 | 3 | 5 |
| Philosophy | 0 | 5 | 1 | 1 | 45 | 62 | 98.20 | 1 | 3 |
| Fine Arts - Visual Fine Arts | 0 | 4 | 0 | 0 | 40 | 40 | 63.50 | 3 | 3 |
| Science - Physics | 0 | 4 | 0 | 1 | 40 | 80 | 97.50 | 1 | 2 |
| History - Other History | 0 | 4 | 0 | 1 | 40 | 64 | 76.75 | 1 | 2 |
| Social Science | 0 | 4 | 1 | 0 | 35 | 48 | 66.50 | 3 | 3 |
| Literature - World/Other Literature | 0 | 3 | 0 | 1 | 30 | 51 | 81.67 | 2 | 2 |
| History - American History | 0 | 3 | 0 | 0 | 30 | 19 | 65.33 | 1 | 2 |
| Mythology | 0 | 3 | 0 | 0 | 30 | 54 | 73.00 | 0 | 3 |
| History - European History | 0 | 3 | 1 | 1 | 25 | 62 | 83.33 | 1 | 3 |
| Other Academic | 0 | 2 | 0 | 0 | 20 | 36 | 46.00 | 1 | 2 |
| Literature - European Literature | 0 | 2 | 0 | 1 | 20 | 94 | 111.00 | 0 | 1 |
| Literature - British Literature | 0 | 2 | 0 | 0 | 20 | 60 | 63.00 | 1 | 2 |
| Science - Biology | 0 | 2 | 0 | 1 | 20 | 59 | 78.00 | 0 | 2 |
| Fine Arts - Classical Music | 0 | 3 | 2 | 1 | 20 | 42 | 67.67 | 0 | 2 |
| Science - Other Science | 0 | 1 | 0 | 0 | 10 | 77 | 77.00 | 1 | 1 |
| Science - Chemistry | 0 | 1 | 0 | 0 | 10 | 60 | 60.00 | 1 | 1 |
| Geography/Current Events | 0 | 1 | 1 | 0 | 5 | 90 | 90.00 | 0 | 0 |